Normal view
MARC view
- Hoffman, Kenneth
Entry Personal Name
001 - CONTROL NUMBER
- control field: 102563
003 - CONTROL NUMBER IDENTIFIER
- control field: NUST
005 - DATE AND TIME OF LATEST TRANSACTION
- control field: 20221111113216.0
008 - FIXED-LENGTH DATA ELEMENTS
- fixed length control field: 221111|| aca||aabn | a|a d
040 ## - CATALOGING SOURCE
- Original cataloging agency: NUST
- Transcribing agency: NUST
100 ## - HEADING--PERSONAL NAME
- Personal name: Hoffman, Kenneth
670 ## - SOURCE DATA FOUND
- Source citation: Work cat.: (NUST)182071: Hoffman, Kenneth., Linear algebra / , [1971]
